| 000 | 01263nam a2200313 4500 | ||
|---|---|---|---|
| 001 | 0000018977 | ||
| 003 | CO-CtgCURN | ||
| 005 | 20250329190958.0 | ||
| 007 | ta | ||
| 008 | 160627s2002 000 0 eng d | ||
| 020 | _a9681814142 | ||
| 040 |
_aCO-CtgCURN _bspa _ccoctgcurn |
||
| 082 | 0 |
_a624.15 _bP324i |
|
| 100 | 1 | _aPeck, Ralph B. | |
| 245 | 1 | 0 |
_aIngenieria de cimentaciones / _cRalph B. Peck , Walter E. Hanson, Thomas H. Thornburn. |
| 260 |
_aMexico : _bLimusa, _c2002. |
||
| 300 | _a557 p. | ||
| 336 | _2rdacontent | ||
| 337 |
_2rdamedia _asin mediacion _bn |
||
| 338 |
_2rdacarrier _avolumen _bnc |
||
| 500 | _aIncluye indice alfabetico. | ||
| 505 | 8 | _aIdentificacion y clasificacion de suelos y de rocas.--Propiedades hidraulicas de los suelos y de las rocas.--Caracteristicas de la consolidacion de los suelos.--Caracter de los depositos naturales.--Tipos de cimentaciones y metodos de construcción.--Proyecto de cimentaciones y estructuras de retencion de tierra | |
| 650 | 1 | 4 | _aCimentaciones. |
| 700 | 1 | _aThornburn, Thomas H. | |
| 908 | _a160627 | ||
| 942 |
_cBK _h624.15 _iP324i _2ddc |
||
| 999 |
_c10075 _d10075 |
||